U.S. states quiz! - Statistics

General Stats
  • This quiz has been taken 14 times
  • The average score is 38 of 50
Answer Stats
Answer % Correct
Wyoming
100%
Florida
92%
New York
92%
Vermont
92%
Alabama
85%
Alaska
85%
California
85%
Hawaii
85%
Idaho
85%
Maine
85%
New Jersey
85%
North Carolina
85%
Oregon
85%
South Carolina
85%
Texas
85%
Utah
85%
Washington
85%
Arizona
77%
Arkansas
77%
Colorado
77%
Georgia
77%
Michigan
77%
Missouri
77%
New Mexico
77%
North Dakota
77%
Oklahoma
77%
Pennsylvania
77%
Rhode Island
77%
South Dakota
77%
Virginia
77%
Delaware
69%
Illinois
69%
Indiana
69%
Kansas
69%
Kentucky
69%
Montana
69%
Nebraska
69%
New Hampshire
69%
Ohio
69%
Tennessee
69%
West Virginia
69%
Connecticut
62%
Iowa
62%
Massachusetts
62%
Mississippi
62%
Wisconsin
62%
Louisiana
54%
Minnesota
54%
Nevada
54%
Maryland
46%
No matching quizzes found
Score Distribution
Percent of People with Each Score
Percentile by Number Answered
Your Score History
You have not taken this quiz